[Event "ChessOrg Schachfestival  2015 - Open"]
[Site "Bad Wörishofen"]
[Date "2015.03.01"]
[Round "4.32"]
[White "Bossoni, Mario"]
[Black "Hess, Max"]
[Result "0-1"]
[WhiteElo "1897"]
[BlackElo "2114"]
[Annotator "chessorg"]
[PlyCount "46"]
[EventDate "2015.??.??"]
[BlackTeam "Post-SV Memmingen"]

1. e4 c5 2. d4 cxd4 3. c3 dxc3 4. Nxc3 Nc6 5. Nf3 e6 6. Bc4 a6 7. O-O Nge7 8.
Qe2 Ng6 9. Be3 b5 10. Bb3 Be7 11. Rfd1 O-O 12. a3 Bb7 13. Rac1 Rc8 14. Nd4 Nxd4
15. Bxd4 Qe8 16. Qg4 Kh8 17. Bc2 f6 18. f4 Bc5 19. Bxc5 Rxc5 20. f5 exf5 21.
exf5 Qe3+ 22. Kh1 Nf4 23. Re1 Bxg2+ 0-1

[Event "ChessOrg Schachfestival  2015 - Open"]
[Site "Bad Wörishofen"]
[Date "2015.03.01"]
[Round "4.36"]
[White "Mueller, Werner"]
[Black "Klamp, Christoph"]
[Result "1-0"]
[WhiteElo "2191"]
[BlackElo "2005"]
[Annotator "chessorg"]
[PlyCount "43"]
[EventDate "2015.??.??"]
[WhiteTeam "SK 1908 Goeggingen"]
[BlackTeam "SV Griesheim (DA)"]

1. e4 c6 2. d4 d5 3. Nc3 dxe4 4. Nxe4 Nd7 5. Ng5 Ngf6 6. Bd3 e6 7. N1f3 Be7 8.
Nxf7 Kxf7 9. Ng5+ Kg8 10. Nxe6 Qa5+ 11. Bd2 Qd5 12. Qe2 Nb6 13. Nc7 Qxg2 14.
O-O-O Bd6 15. Rhg1 Qh3 16. Nxa8 Bg4 17. Rxg4 Qxg4 18. f3 Qxd4 19. Qe6+ Kf8 20.
Nxb6 axb6 21. Bc4 Qxb2+ 22. Kxb2 1-0

[Event "ChessOrg Schachfestival  2015 - Open"]
[Site "Bad Wörishofen"]
[Date "2015.03.01"]
[Round "4.42"]
[White "Zemlicka, Vit"]
[Black "Behling, Robert"]
[Result "1/2-1/2"]
[WhiteElo "1962"]
[BlackElo "2097"]
[Annotator "chessorg"]
[PlyCount "38"]
[EventDate "2015.??.??"]
[WhiteTeam "Sokol-Praha-Kobylisy"]
[BlackTeam "SAbt TSV Haunstetten"]

1. e4 c6 2. d4 d5 3. Nc3 dxe4 4. Nxe4 Bf5 5. Ng3 Bg6 6. h4 h6 7. Nf3 Nd7 8. h5
Bh7 9. Bd3 Bxd3 10. Qxd3 e6 11. Bd2 Ngf6 12. O-O-O Be7 13. Kb1 c5 14. Ne4 Qb6
15. Be3 O-O-O 16. Nxf6 Bxf6 17. Qc4 Kb8 18. c3 Rc8 19. d5 Rhd8 1/2-1/2

[Event "ChessOrg Schachfestival  2015 - Open"]
[Site "Bad Wörishofen"]
[Date "2015.03.01"]
[Round "4.45"]
[White "Koch, Till"]
[Black "Hoeller, Armin"]
[Result "1/2-1/2"]
[WhiteElo "1889"]
[BlackElo "2046"]
[Annotator "chessorg"]
[PlyCount "58"]
[EventDate "2015.??.??"]
[WhiteTeam "Schachverein Unser Fritz Wanne-Eickel 1955 e."]
[BlackTeam "SK Weilheim"]

1. e4 e5 2. Nf3 Nc6 3. Bc4 Nf6 4. Ng5 d5 5. exd5 Na5 6. Bb5+ c6 7. dxc6 bxc6 8.
Be2 h6 9. Nf3 e4 10. Ne5 Qd4 11. Ng4 Bxg4 12. Bxg4 Bc5 13. O-O e3 14. Bf3 exf2+
15. Kh1 O-O 16. c3 Qd3 17. Be2 Qd8 18. d4 Bd6 19. Be3 Ne4 20. Bxf2 Nxf2+ 21.
Rxf2 Qh4 22. g3 Bxg3 23. Rg2 Bf4 24. Nd2 Bxd2 25. Qxd2 Rfd8 26. Rag1 g6 27. Rg4
Qf6 28. Qxh6 Rd6 29. Bd3 Qf3+ 1/2-1/2

[Event "ChessOrg Schachfestival  2015 - Open"]
[Site "Bad Wörishofen"]
[Date "2015.03.01"]
[Round "4.46"]
[White "Mueller, Daniel"]
[Black "Wltschek, Christian"]
[Result "1/2-1/2"]
[WhiteElo "2044"]
[BlackElo "1936"]
[Annotator "chessorg"]
[PlyCount "42"]
[EventDate "2015.??.??"]
[WhiteTeam "TG Biberach"]
[BlackTeam "TSV Wacker Neutraubling"]

1. d4 Nf6 2. g3 g6 3. Bg2 d5 4. Nf3 Bg7 5. O-O O-O 6. c4 dxc4 7. Qc2 Nbd7 8.
Na3 Nb6 9. e4 c6 10. Rd1 h6 11. Ne5 Be6 12. Naxc4 Nxc4 13. Nxc4 Qc8 14. Na5 Rd8
15. b4 Nh5 16. Bb2 Rb8 17. a3 Qd7 18. Rac1 Rbc8 19. h3 Bxh3 20. Nxb7 Bxg2 21.
Nxd8 Bf3 1/2-1/2

[Event "ChessOrg Schachfestival  2015 - Open"]
[Site "Bad Wörishofen"]
[Date "2015.03.01"]
[Round "4.48"]
[White "Santl, Anton"]
[Black "Bergen, Klaus"]
[Result "1/2-1/2"]
[WhiteElo "2010"]
[BlackElo "1915"]
[Annotator "chessorg"]
[PlyCount "34"]
[EventDate "2015.??.??"]
[WhiteTeam "Schach-Union Muenchen e.V."]
[BlackTeam "SK Aua"]

1. Nf3 Nf6 2. c4 g6 3. Nc3 Bg7 4. e4 d6 5. d4 O-O 6. g3 Nbd7 7. Bg2 e5 8. O-O
c6 9. h3 Qb6 10. c5 dxc5 11. dxe5 Ne8 12. Bg5 Nxe5 13. Be7 Qxb2 14. Rc1 b6 15.
Nxe5 Bxe5 16. Rc2 Qb4 17. Ne2 Ba6 1/2-1/2

[Event "ChessOrg Schachfestival  2015 - Open"]
[Site "Bad Wörishofen"]
[Date "2015.03.01"]
[Round "4.52"]
[White "Schweizer, Manfred"]
[Black "Gerhards, Walter"]
[Result "1-0"]
[WhiteElo "2059"]
[BlackElo "1939"]
[Annotator "chessorg"]
[PlyCount "51"]
[EventDate "2015.??.??"]
[WhiteTeam "Post-SV Memmingen"]
[BlackTeam "Ratinger Schachklub 1950"]

1. g3 Nf6 2. Bg2 d5 3. d3 e5 4. Nf3 Nbd7 5. O-O Be7 6. Nc3 O-O 7. e4 d4 8. Ne2
Ne8 9. Nd2 Nd6 10. f4 f6 11. f5 c5 12. g4 Nb6 13. b3 Bd7 14. h4 Nbc8 15. Nf3 b5
16. Ng3 c4 17. g5 Nb6 18. h5 Be8 19. g6 Rc8 20. Nh2 Qc7 21. Ng4 cxb3 22. axb3
b4 23. h6 Nb5 24. hxg7 Kxg7 25. Nh5+ Kh8 26. g7+ 1-0

[Event "ChessOrg Schachfestival  2015 - Open"]
[Site "Bad Wörishofen"]
[Date "2015.03.01"]
[Round "4.63"]
[White "Schmidt, Alfred"]
[Black "Von Saldern, Ruediger"]
[Result "1/2-1/2"]
[WhiteElo "1764"]
[BlackElo "1976"]
[Annotator "chessorg"]
[PlyCount "60"]
[EventDate "2015.??.??"]
[WhiteTeam "SF Bad Grönenbach"]
[BlackTeam "SF Starnberger See e.V."]

1. e4 e5 2. f4 exf4 3. Nf3 Be7 4. Bc4 d6 5. O-O Be6 6. Bxe6 fxe6 7. d4 Nf6 8.
e5 dxe5 9. Nxe5 O-O 10. Nc3 Nd5 11. Ne2 Ne3 12. Bxe3 fxe3 13. Qd3 Nd7 14. Rxf8+
Bxf8 15. Qxe3 Nxe5 16. Qxe5 Qd6 17. Qb5 Qd5 18. Qd3 Bd6 19. c4 Qh5 20. Ng3 Bxg3
21. Qxg3 Rf8 22. Re1 Qf5 23. Qe3 Rf6 24. Qe2 c5 25. dxc5 Qxc5+ 26. Kh1 Kf7 27.
Rf1 Ke7 28. h3 Rxf1+ 29. Qxf1 e5 30. Qf5 g6 1/2-1/2

[Event "ChessOrg Schachfestival  2015 - Open"]
[Site "Bad Wörishofen"]
[Date "2015.03.01"]
[Round "4.67"]
[White "Lotz, Ralf"]
[Black "Redemann, Dietmar"]
[Result "1/2-1/2"]
[WhiteElo "1952"]
[BlackElo "1813"]
[Annotator "chessorg"]
[PlyCount "34"]
[EventDate "2015.??.??"]
[WhiteTeam "SC 1952 Obertshausen"]
[BlackTeam "SC Schwabmünchen"]

1. d4 d5 2. Nf3 Nc6 3. g3 Bg4 4. Bg2 Qd7 5. h3 Bh5 6. c3 e6 7. b4 a6 8. Nbd2
Bg6 9. Bb2 Bd6 10. a4 Nf6 11. Nh4 O-O 12. Nxg6 hxg6 13. O-O e5 14. dxe5 Bxe5
15. f4 Bd6 16. Qc2 Rfe8 17. Rae1 Re3 1/2-1/2

[Event "ChessOrg Schachfestival  2015 - Open"]
[Site "Bad Wörishofen"]
[Date "2015.03.01"]
[Round "4.71"]
[White "Lindenmair, Anton"]
[Black "Kugelmann, Werner"]
[Result "0-1"]
[WhiteElo "2024"]
[BlackElo "2181"]
[Annotator "chessorg"]
[PlyCount "42"]
[EventDate "2015.??.??"]
[WhiteTeam "SK Keres-Augsburg 1980"]
[BlackTeam "TSV Wertingen 1862 SAbt"]

1. d4 Nf6 2. c4 g6 3. Nc3 Bg7 4. e4 d6 5. f4 O-O 6. Nf3 c5 7. d5 e6 8. Be2 exd5
9. cxd5 Bg4 10. O-O Nbd7 11. Re1 Re8 12. Nd2 Bxe2 13. Rxe2 a6 14. a4 Ng4 15.
Nf3 c4 16. Qe1 Nc5 17. Qg3 Nf6 18. Nd2 Rc8 19. Nxc4 Ncxe4 20. Nxe4 Rxe4 21. Ne3
Nxd5 0-1

[Event "ChessOrg Schachfestival  2015 - Open"]
[Site "Bad Wörishofen"]
[Date "2015.03.01"]
[Round "4.73"]
[White "Kleinhenz, Hans-Georg"]
[Black "Schulz, Gert"]
[Result "1/2-1/2"]
[WhiteElo "1821"]
[BlackElo "2016"]
[Annotator "chessorg"]
[PlyCount "38"]
[EventDate "2015.??.??"]
[WhiteTeam "Stolberger Schachverein 1927"]
[BlackTeam "SK 1947 Sandhausen e.V."]

1. d4 Nf6 2. c4 e6 3. g3 d5 4. Nf3 Be7 5. Bg2 O-O 6. O-O dxc4 7. Qa4 a6 8. Qxc4
b5 9. Qc2 Bb7 10. Bd2 h6 11. Rd1 Nc6 12. a3 Nxd4 13. Nxd4 Bxg2 14. Kxg2 Qxd4
15. Bxh6 Qe4+ 16. Qxe4 Nxe4 17. Be3 Bf6 18. Ra2 Rfd8 19. Rc1 Rac8 1/2-1/2

[Event "ChessOrg Schachfestival  2015 - Open"]
[Site "Bad Wörishofen"]
[Date "2015.03.01"]
[Round "4.85"]
[White "Dahmen, Juergen"]
[Black "Urban, Rudolf"]
[Result "1/2-1/2"]
[WhiteElo "1749"]
[BlackElo "1874"]
[Annotator "chessorg"]
[PlyCount "39"]
[EventDate "2015.??.??"]
[WhiteTeam "SV Stuttgart-Wolfbusch 1956 e.V."]
[BlackTeam "SC Roter Turm Altstadt"]

1. c4 e5 2. Nc3 Nc6 3. Nf3 Nf6 4. g3 d5 5. cxd5 Nxd5 6. Qb3 Be6 7. Qxb7 Ndb4 8.
Qb5 Rb8 9. Qa4 Bd7 10. Qd1 Nd4 11. Nxd4 exd4 12. Ne4 f5 13. Bg2 Bc6 14. a3 fxe4
15. axb4 Bxb4 16. Qc2 Qd5 17. O-O Rb7 18. d3 Qc5 19. Qxc5 Bxc5 20. Ra5 1/2-1/2

[Event "ChessOrg Schachfestival  2015 - Open"]
[Site "Bad Wörishofen"]
[Date "2015.03.01"]
[Round "4.90"]
[White "Sauerwein, Martin"]
[Black "De Luna, Alberto"]
[Result "0-1"]
[WhiteElo "1579"]
[BlackElo "1809"]
[Annotator "chessorg"]
[PlyCount "48"]
[EventDate "2015.??.??"]
[WhiteTeam "SC Kaufbeuren"]
[BlackTeam "SV Oberstenfeld"]

1. e4 e6 2. Bc4 d5 3. exd5 exd5 4. Bb3 Nf6 5. d4 Bd6 6. Nf3 O-O 7. O-O Bg4 8.
Nc3 c6 9. Bg5 Nbd7 10. Qd3 h6 11. Bxf6 Nxf6 12. Rfe1 Qc7 13. Ne5 Rfe8 14. f4 b5
15. Re3 Qc8 16. Rae1 Bf5 17. Qd2 a5 18. a3 a4 19. Ba2 Ra7 20. h3 Ne4 21. Nxe4
Bxe4 22. Qf2 c5 23. Rxe4 dxe4 24. Rxe4 c4 0-1

[Event "ChessOrg Schachfestival  2015 - Open"]
[Site "Bad Wörishofen"]
[Date "2015.03.01"]
[Round "4.3"]
[White "Karpatchev, Alexandr"]
[Black "Wichmann, Cliff"]
[Result "1-0"]
[WhiteElo "2472"]
[BlackElo "2363"]
[Annotator "chessorg"]
[PlyCount "41"]
[EventDate "2015.??.??"]
[WhiteTeam "SF Bad Mergentheim"]
[BlackTeam "ESV Nickelhuette Aue"]

1. e4 e6 2. d4 d5 3. Nc3 Nf6 4. Bg5 Bb4 5. e5 h6 6. Bh4 g5 7. Bg3 Ne4 8. Nge2
h5 9. f3 Nxg3 10. Nxg3 c5 11. a3 Bxc3+ 12. bxc3 Qa5 13. Qd2 Nc6 14. Rb1 Qxa3
15. Bd3 cxd4 16. cxd4 Nxd4 17. O-O Qe7 18. Qc3 Nc6 19. Bb5 d4 20. Bxc6+ Kf8 21.
Qc4 1-0

[Event "ChessOrg Schachfestival  2015 - Open"]
[Site "Bad Wörishofen"]
[Date "2015.03.01"]
[Round "4.4"]
[White "Pap, Misa"]
[Black "Steinbacher, Matthias"]
[Result "1-0"]
[WhiteElo "2459"]
[BlackElo "2284"]
[Annotator "chessorg"]
[PlyCount "77"]
[EventDate "2015.??.??"]
[WhiteTeam "SF Korbach"]

1. e4 e6 2. d4 d5 3. Nd2 c5 4. Ngf3 cxd4 5. Nxd4 Nc6 6. Bb5 Bd7 7. Nxc6 bxc6 8.
Bd3 Qc7 9. Qe2 Bd6 10. Nf3 dxe4 11. Qxe4 Nf6 12. Qh4 Rb8 13. O-O c5 14. Bh6 Rb4
15. c4 Bf8 16. Bd2 Rb8 17. Bc3 Bc6 18. Ne5 Be7 19. Qg3 O-O 20. Nxc6 Qxc6 21.
Rfe1 Rfd8 22. Re3 Ne8 23. Qh3 h6 24. Rg3 Bg5 25. Be5 Rb7 26. f4 f6 27. fxg5
fxe5 28. Rf1 e4 29. gxh6 Qd6 30. h7+ Kh8 31. Bxe4 Qd4+ 32. Re3 Nd6 33. Bxb7
Nxc4 34. Rfe1 Nxe3 35. Qxe3 Qxb2 36. Be4 c4 37. Bg6 Rf8 38. h3 Rf6 39. Rb1 1-0

[Event "ChessOrg Schachfestival  2015 - Open"]
[Site "Bad Wörishofen"]
[Date "2015.03.01"]
[Round "4.12"]
[White "Rudolf, Anna"]
[Black "Wittfoth, Kai-Uve"]
[Result "1-0"]
[WhiteElo "2319"]
[BlackElo "2139"]
[Annotator "chessorg"]
[PlyCount "33"]
[EventDate "2015.??.??"]
[WhiteTeam "Rodewischer Schachmiezen"]
[BlackTeam "SF Bremer Osten"]

1. e4 d5 2. exd5 Qxd5 3. Nc3 Qd6 4. d4 Nf6 5. Nf3 a6 6. g3 Bg4 7. h3 Bxf3 8.
Qxf3 Qc6 9. d5 Qd7 10. Be3 g6 11. Bg2 Qc8 12. O-O-O Nbd7 13. d6 c6 14. Bd4 Bg7
15. dxe7 Kxe7 16. Ne4 Re8 17. Qa3+ 1-0

[Event "ChessOrg Schachfestival  2015 - Open"]
[Site "Bad Wörishofen"]
[Date "2015.03.01"]
[Round "4.28"]
[White "Deues, Erik"]
[Black "Neumann, Joachim"]
[Result "1-0"]
[WhiteElo "2007"]
[BlackElo "2146"]
[Annotator "chessorg"]
[PlyCount "47"]
[EventDate "2015.??.??"]
[WhiteTeam "Schachklub Germering e. V."]
[BlackTeam "Kieler Schachgesellschaft von 1884 e. V."]

1. d4 Nf6 2. c4 e6 3. Nc3 Bb4 4. e3 O-O 5. Bd3 d5 6. Nf3 c5 7. O-O dxc4 8. Bxc4
Nc6 9. a3 Ba5 10. Na4 cxd4 11. exd4 a6 12. Ba2 h6 13. Bf4 Nd5 14. Bg3 b5 15.
Nc5 b4 16. Bb1 Nf6 17. Qd3 Qd5 18. Rc1 Rd8 19. Ne4 Bb7 20. Nxf6+ gxf6 21. Qh7+
Kf8 22. Be4 Qd7 23. Bh4 Nxd4 24. Qh8+ 1-0

[Event "ChessOrg Schachfestival  2015 - Open"]
[Site "Bad Wörishofen"]
[Date "2015.03.01"]
[Round "4.33"]
[White "Haugg, Gerhard"]
[Black "Stein, Marco"]
[Result "0-1"]
[WhiteElo "1860"]
[BlackElo "2102"]
[Annotator "chessorg"]
[PlyCount "88"]
[EventDate "2015.??.??"]
[WhiteTeam "Spgem Kötz/Ichenhausen"]
[BlackTeam "SK Marktoberdorf"]

1. e4 c6 2. Nc3 d5 3. Qf3 e6 4. d4 dxe4 5. Qxe4 Nf6 6. Qd3 b6 7. Nf3 Ba6 8. Qe3
Bxf1 9. Rxf1 c5 10. Bd2 Nc6 11. Ne2 Qc7 12. O-O-O cxd4 13. Nexd4 Rc8 14. Nb5
Qb7 15. Bc3 Nb4 16. Bxb4 Bxb4 17. Qb3 Bc5 18. Nd6+ Bxd6 19. Rxd6 O-O 20. Rd4
Qc6 21. Qd3 Qc5 22. h3 e5 23. Rh4 e4 24. Rxe4 Nxe4 25. Qxe4 Rfe8 26. Qd3 Qc4
27. Qxc4 Rxc4 28. c3 Rce4 29. Kc2 f6 30. Kb3 Kf7 31. Nd4 Re1 32. Rxe1 Rxe1 33.
Nc6 a5 34. Ka4 Re2 35. b3 Rxa2+ 36. Kb5 Rb2 37. Nd4 g6 38. f3 Ke8 39. Kc6 Ke7
40. g3 h5 41. g4 h4 42. f4 Rh2 43. Kxb6 Rxh3 44. c4 Rxb3+ 0-1

[Event "ChessOrg Schachfestival  2015 - Open"]
[Site "Bad Wörishofen"]
[Date "2015.03.01"]
[Round "4.44"]
[White "Stull, Norbert"]
[Black "Schinnerl, Werner"]
[Result "1-0"]
[WhiteElo "2045"]
[BlackElo "1952"]
[Annotator "chessorg"]
[PlyCount "71"]
[EventDate "2015.??.??"]
[WhiteTeam "Le Cavalier Differdingen"]

1. d4 Nf6 2. Nf3 g6 3. c4 Bg7 4. Nc3 O-O 5. e4 d6 6. Be2 e5 7. O-O Nc6 8. d5
Ne7 9. Ne1 Nd7 10. Be3 f5 11. f3 f4 12. Bf2 g5 13. a4 a5 14. Nd3 b6 15. Be1 Nf6
16. Nf2 Rf7 17. Nb5 h5 18. h3 Ng6 19. b4 axb4 20. Bxb4 Nh4 21. a5 Bb7 22. axb6
Ne8 23. bxc7 Qc8 24. Rxa8 Qxa8 25. Nxd6 Nxd6 26. Bxd6 g4 27. hxg4 Bf6 28. g5
Rg7 29. gxf6 Rxg2+ 30. Kh1 Qe8 31. Rg1 Qg6 32. Qf1 Rg3 33. Bxe5 Qg5 34. Bxf4
Qxf4 35. Rxg3+ Qxg3 36. Qg1 1-0

[Event "ChessOrg Schachfestival  2015 - Open"]
[Site "Bad Wörishofen"]
[Date "2015.03.01"]
[Round "4.75"]
[White "Kluegel, Jan"]
[Black "Schneider, Alexander"]
[Result "0-1"]
[WhiteElo "1917"]
[BlackElo "2077"]
[Annotator "chessorg"]
[PlyCount "46"]
[EventDate "2015.??.??"]
[WhiteTeam "SV VHS Rendsburg"]

1. d4 Nf6 2. Nf3 g6 3. Bf4 Bg7 4. e3 c5 5. c3 b6 6. h3 Bb7 7. Nbd2 O-O 8. Qb3
d6 9. g4 Nbd7 10. O-O-O cxd4 11. exd4 Rc8 12. Rg1 a6 13. h4 b5 14. h5 Qa5 15.
hxg6 hxg6 16. a3 Nd5 17. Nc4 Qc7 18. Ne3 Nxe3 19. fxe3 Bxf3 20. Rd2 Nf6 21. Bh3
Bd5 22. Qd1 Ne4 23. Rh2 Nxc3 0-1

[Event "ChessOrg Schachfestival  2015 - Open"]
[Site "Bad Wörishofen"]
[Date "2015.03.01"]
[Round "4.81"]
[White "Schneider, Waldemar"]
[Black "Herold, Gunther"]
[Result "0-1"]
[WhiteElo "1808"]
[BlackElo "1902"]
[Annotator "chessorg"]
[PlyCount "42"]
[EventDate "2015.??.??"]
[BlackTeam "SK Oberguenzburg"]

1. d4 Nf6 2. c4 e5 3. dxe5 Ng4 4. Qd4 d6 5. exd6 Nc6 6. Qe4+ Be6 7. dxc7 Qxc7
8. Bf4 Qb6 9. Nd2 Nxf2 10. Be3 Nxe4 11. Bxb6 Nxd2 12. Kxd2 Bb4+ 13. Kc2 axb6
14. e3 Bc5 15. e4 O-O 16. Nf3 h6 17. Bd3 Nb4+ 18. Kc3 Nxa2+ 19. Kb3 Nb4 20.
Rad1 Nxd3 21. Rxd3 b5 0-1

[Event "ChessOrg Schachfestival  2015"]
[Site "Bad Wörishofen"]
[Date "2015.03.02"]
[Round "5.5"]
[White "Romanishin, Oleg"]
[Black "Melamed, Tatjana"]
[Result "1/2-1/2"]
[WhiteElo "2472"]
[BlackElo "2279"]
[Annotator "chessorg"]
[PlyCount "52"]
[EventDate "2015.??.??"]
[BlackTeam "SG Aufbau Elbe Magdeburg"]

1. Nf3 Nf6 2. g3 g6 3. Bg2 Bg7 4. d4 O-O 5. O-O d6 6. a4 a5 7. Nc3 Nc6 8. d5
Nb4 9. e4 e6 10. dxe6 Bxe6 11. Nd4 Bc4 12. Re1 Re8 13. b3 Ba6 14. Bb2 c6 15.
Qd2 Ng4 16. h3 Bxd4 17. hxg4 Be5 18. f4 Bg7 19. Nd1 d5 20. Bxg7 Kxg7 21. e5 d4
22. Nf2 d3 23. cxd3 Nxd3 24. Re3 Nxf2 25. Qxf2 Qd4 26. Rae1 Rad8 1/2-1/2

[Event "ChessOrg Schachfestival  2015"]
[Site "Bad Wörishofen"]
[Date "2015.03.02"]
[Round "5.12"]
[White "Wichmann, Cliff"]
[Black "Dobboletta, Alex"]
[Result "1/2-1/2"]
[WhiteElo "2363"]
[BlackElo "2129"]
[Annotator "chessorg"]
[PlyCount "42"]
[EventDate "2015.??.??"]
[WhiteTeam "ESV Nickelhuette Aue"]
[BlackTeam "CSB Bologna"]

1. d4 Nf6 2. c4 g6 3. Nc3 Bg7 4. e4 d6 5. Nf3 O-O 6. Be2 e5 7. Be3 Ng4 8. Bg5
f6 9. Bc1 Nc6 10. d5 Nd4 11. h3 Nh6 12. Nxd4 exd4 13. Bxh6 Bxh6 14. Qxd4 f5 15.
O-O Qh4 16. Rad1 Bg7 17. Qe3 fxe4 18. Qxe4 Rf4 19. Qe8+ Rf8 20. Qe4 Rf4 21.
Qe8+ Rf8 1/2-1/2

[Event "ChessOrg Schachfestival  2015"]
[Site "Bad Wörishofen"]
[Date "2015.03.02"]
[Round "5.20"]
[White "Matzat, Andre"]
[Black "Boehmer, Christian"]
[Result "0-1"]
[WhiteElo "2077"]
[BlackElo "2204"]
[Annotator "chessorg"]
[PlyCount "66"]
[EventDate "2015.??.??"]
[WhiteTeam "Schachclub Weiße Dame Borbeck 25 e.V."]
[BlackTeam "Freibauer Moerlenbach-Birkenau"]

1. d4 d6 2. Nf3 f5 3. Bf4 Nf6 4. e3 g6 5. h3 Bg7 6. Bc4 e6 7. g4 Nc6 8. Rg1 Qe7
9. gxf5 e5 10. dxe5 dxe5 11. Bh2 Qb4+ 12. Nbd2 Bxf5 13. Bb3 O-O-O 14. Qe2 Rhe8
15. O-O-O Bh6 16. Bg3 e4 17. Nh2 Bxh3 18. a3 Qc5 19. Ba4 Bd7 20. Nb3 Qe7 21.
Qc4 Ne5 22. Bxd7+ Rxd7 23. Qa4 Rxd1+ 24. Rxd1 Nc6 25. Qb5 a6 26. Qc4 Nh5 27.
Nf1 Rf8 28. Nc5 Nxg3 29. Nxg3 Rxf2 30. Ngxe4 Bxe3+ 31. Kb1 Bxc5 32. Nxc5 Qf7
33. Qd3 Qf5 0-1

[Event "ChessOrg Schachfestival  2015"]
[Site "Bad Wörishofen"]
[Date "2015.03.02"]
[Round "5.38"]
[White "Astengo, Corrado"]
[Black "Mattes, Heinz"]
[Result "1-0"]
[WhiteElo "2123"]
[BlackElo "1997"]
[Annotator "chessorg"]
[PlyCount "53"]
[EventDate "2015.??.??"]
[WhiteTeam "Mendrisio"]
[BlackTeam "SK Siemens Muenchen"]

1. e4 e6 2. d4 d5 3. Nd2 Nf6 4. e5 Nfd7 5. Bd3 c5 6. c3 Nc6 7. Ne2 cxd4 8. cxd4
f6 9. exf6 Nxf6 10. O-O Bd6 11. Nf3 O-O 12. Bg5 Bd7 13. a3 Be8 14. Qc2 h6 15.
Be3 Bh5 16. Ng3 Bxf3 17. gxf3 e5 18. dxe5 Nxe5 19. Be2 d4 20. Bxd4 Rc8 21. Qb3+
Kh8 22. Rad1 Qa5 23. Bc3 Qc7 24. Qe6 Ne8 25. Rxd6 Nxf3+ 26. Bxf3 Nxd6 27. Qxh6+
1-0

[Event "ChessOrg Schachfestival  2015"]
[Site "Bad Wörishofen"]
[Date "2015.03.02"]
[Round "5.41"]
[White "Ballon, Guenther Jan"]
[Black "Scharrer, Udo"]
[Result "1/2-1/2"]
[WhiteElo "2105"]
[BlackElo "1979"]
[Annotator "chessorg"]
[PlyCount "40"]
[EventDate "2015.??.??"]
[WhiteTeam "Caissa Amsterdam"]
[BlackTeam "SV Dicker Turm Esslingen"]

1. d4 Nf6 2. c4 g6 3. Nc3 Bg7 4. e4 d6 5. f3 O-O 6. Bg5 c5 7. d5 h6 8. Be3 e6
9. Nge2 exd5 10. cxd5 Nbd7 11. Ng3 Ne5 12. Be2 a6 13. a4 h5 14. O-O Nh7 15. h3
h4 16. Nh1 f5 17. f4 Nf7 18. e5 dxe5 19. Bxc5 Re8 20. Qd2 Nd6 1/2-1/2

[Event "ChessOrg Schachfestival  2015"]
[Site "Bad Wörishofen"]
[Date "2015.03.02"]
[Round "5.47"]
[White "Hoeller, Armin"]
[Black "Haugg, Gerhard"]
[Result "1-0"]
[WhiteElo "2046"]
[BlackElo "1860"]
[Annotator "chessorg"]
[PlyCount "57"]
[EventDate "2015.??.??"]
[WhiteTeam "SK Weilheim"]
[BlackTeam "Spgem Kötz/Ichenhausen"]

1. e4 e5 2. Nf3 Nc6 3. d4 exd4 4. Nxd4 Bc5 5. Nb3 Bb6 6. c4 d6 7. Nc3 Qf6 8.
Qe2 Na5 9. Nd5 Qd8 10. Nxa5 Bxa5+ 11. b4 c6 12. bxa5 cxd5 13. exd5+ Ne7 14. Qd2
O-O 15. Bd3 Bf5 16. Bxf5 Nxf5 17. O-O Rc8 18. Qf4 Qf6 19. Rb1 Rc7 20. Ba3 Rfc8
21. Rfc1 Qg6 22. Rb3 Re7 23. h3 Rce8 24. Rf3 Re5 25. Bb2 Re1+ 26. Rxe1 Rxe1+
27. Kh2 Nh6 28. Rg3 Qb1 29. Rxg7+ 1-0

[Event "ChessOrg Schachfestival  2015"]
[Site "Bad Wörishofen"]
[Date "2015.03.02"]
[Round "5.64"]
[White "Redemann, Dietmar"]
[Black "Walda, Michael"]
[Result "0-1"]
[WhiteElo "1813"]
[BlackElo "1945"]
[Annotator "chessorg"]
[PlyCount "32"]
[EventDate "2015.??.??"]
[WhiteTeam "SC Schwabmünchen"]
[BlackTeam "SAbt Niederraeder TG"]

1. c4 d5 2. cxd5 Qxd5 3. Nc3 Qd6 4. g3 e5 5. Bg2 Nf6 6. d3 Na6 7. Nf3 Be7 8.
O-O Bd7 9. Nxe5 Qxe5 10. Bxb7 Rb8 11. Bxa6 Qh5 12. Kg2 Qh3+ 13. Kf3 Ng4 14. Bf4
Nxh2+ 15. Ke3 Nxf1+ 16. Qxf1 Qe6+ 0-1

[Event "ChessOrg Schachfestival  2015"]
[Site "Bad Wörishofen"]
[Date "2015.03.02"]
[Round "5.74"]
[White "Schellmann, Frank"]
[Black "Bossoni, Mario"]
[Result "1/2-1/2"]
[WhiteElo "2095"]
[BlackElo "1897"]
[Annotator "chessorg"]
[PlyCount "56"]
[EventDate "2015.??.??"]
[WhiteTeam "SG Einheit Halle"]

1. e4 c5 2. Nf3 e6 3. c3 d5 4. exd5 exd5 5. d4 Nf6 6. Bg5 Be7 7. dxc5 O-O 8.
Bd3 Bg4 9. O-O Nbd7 10. Bxf6 Nxf6 11. Nbd2 Bxc5 12. Nb3 Bb6 13. Bc2 Bh5 14. Bf5
Re8 15. Qd3 Ne4 16. Rad1 Qf6 17. Qxd5 Bxf3 18. gxf3 Nxf2 19. Rd4 Rad8 20. Qb5
a6 21. Bxh7+ Kxh7 22. Qh5+ Kg8 23. Kxf2 Re5 24. Qg4 Qh6 25. h4 Rde8 26. Kg3
Bxd4 27. Nxd4 b5 28. b4 g6 1/2-1/2

[Event "ChessOrg Schachfestival  2015"]
[Site "Bad Wörishofen"]
[Date "2015.03.02"]
[Round "5.91"]
[White "Lindstaedt, Jan"]
[Black "Bruening, Wolfgang"]
[Result "1-0"]
[WhiteElo "1446"]
[BlackElo "1891"]
[Annotator "chessorg"]
[PlyCount "49"]
[EventDate "2015.??.??"]
[WhiteTeam "SV Unser Fritz Wanne-Eickel"]
[BlackTeam "Queer-Springer SSV Berlin"]

1. d4 Nf6 2. c4 g6 3. Nc3 d5 4. cxd5 Nxd5 5. e4 Nxc3 6. bxc3 Bg7 7. Nf3 O-O 8.
Rb1 c5 9. Be2 Nc6 10. d5 Bxc3+ 11. Bd2 Bxd2+ 12. Qxd2 Nb8 13. h4 h5 14. Qh6
Qa5+ 15. Kf1 Qc3 16. e5 Qc2 17. Re1 f6 18. Bd1 Qf5 19. e6 b6 20. Rh3 Ba6+ 21.
Kg1 Bd3 22. Rg3 Na6 23. Nh2 Rad8 24. Bxh5 g5 25. hxg5 1-0

[Event "ChessOrg Schachfestival  2015"]
[Site "Bad Wörishofen"]
[Date "2015.03.02"]
[Round "5.15"]
[White "Hess, Max"]
[Black "Guttenthaler, Franz"]
[Result "1/2-1/2"]
[WhiteElo "2114"]
[BlackElo "2243"]
[Annotator "chessorg"]
[PlyCount "25"]
[EventDate "2015.??.??"]
[WhiteTeam "Post-SV Memmingen"]
[BlackTeam "Schachklub Germering e. V."]

1. e4 e6 2. d4 d5 3. Nd2 c5 4. exd5 Qxd5 5. Ngf3 cxd4 6. Bc4 Qd6 7. O-O Nf6 8.
Nb3 Nbd7 9. Nbxd4 Be7 10. Qe2 Nb6 11. Bb3 O-O 12. Rd1 Rd8 13. Bg5 1/2-1/2